सतहों के धरातल / (Record no. 118584)
[ view plain ]
| 000 -LEADER | |
|---|---|
| fixed length control field | 01026nam a22002537a 4500 |
| 005 - DATE AND TIME OF LATEST TRANSACTION | |
| control field | 20170124103116.0 |
| 010 ## - LIBRARY OF CONGRESS CONTROL NUMBER | |
| LC control number | B-158028 |
| 020 ## - INTERNATIONAL STANDARD BOOK NUMBER | |
| Terms of availability | 00.00 |
| 035 ## - SYSTEM CONTROL NUMBER | |
| System control number | B-158028 |
| 037 ## - SOURCE OF ACQUISITION | |
| Source of stock number/acquisition | Cen Lib/Ret |
| 040 ## - CATALOGING SOURCE | |
| Original cataloging agency | DPL |
| Language of cataloging | HN |
| 082 ## - DEWEY DECIMAL CLASSIFICATION NUMBER | |
| Classification number | 821 |
| Item number | शर्माप्र |
| 100 ## - MAIN ENTRY--PERSONAL NAME | |
| Personal name | शर्मा, प्रभुदत्त |
| 9 (RLIN) | 80978 |
| 245 ## - TITLE STATEMENT | |
| Title | सतहों के धरातल / |
| Statement of responsibility, etc | प्रभुदत्त शर्मा |
| 246 ## - VARYING FORM OF TITLE | |
| Title proper/short title | Sathon ke dharatal / |
| Remainder of title | by Prabhudatt Sharma |
| 260 ## - PUBLICATION, DISTRIBUTION, ETC. (IMPRINT) | |
| Place of publication, distribution, etc | जयपुर |
| Name of publisher, distributor, etc | रिसर्च पब्लिकेशन |
| Date of publication, distribution, etc | 2000 |
| 270 ## - ADDRESS | |
| City | जयपुर |
| Address | 89 त्रिपोलिया बाज़ार |
| Postal code | 2 |
| 300 ## - PHYSICAL DESCRIPTION | |
| Extent | 79पृ. |
| Dimensions | 20सेमी(सजिल्द ) |
| 650 ## - SUBJECT ADDED ENTRY--TOPICAL TERM | |
| Topical term or geographic name as entry element | साहित्य--कविता |
| General subdivision | |
| Geographic subdivision | |
| 9 (RLIN) | 80979 |
| 650 ## - SUBJECT ADDED ENTRY--TOPICAL TERM | |
| Topical term or geographic name as entry element | हिन्दी--कविताये |
| 9 (RLIN) | 80980 |
| 650 ## - SUBJECT ADDED ENTRY--TOPICAL TERM | |
| Topical term or geographic name as entry element | Literature--Poertry |
| 9 (RLIN) | 80981 |
| 650 ## - SUBJECT ADDED ENTRY--TOPICAL TERM | |
| Topical term or geographic name as entry element | Hindi--Poertry |
| 9 (RLIN) | 80982 |
| 942 ## - ADDED ENTRY ELEMENTS (KOHA) | |
| Source of classification or shelving scheme | Dewey Decimal Classification |
| Koha item type | Hindi Books |
| Classification part | 821 |
| Call number suffix | शर्माप्र |
| Withdrawn status | Lost status | Damaged status | Not for loan | Home library | Current library | Date acquired | Source of acquisition | Cost, normal purchase price | Total Checkouts | Full call number | Barcode | Date last seen | Copy number | Cost, replacement price | Price effective from | Koha item type |
|---|---|---|---|---|---|---|---|---|---|---|---|---|---|---|---|---|
| Central Library | Central Library | 12/09/2015 | Cen Lib/Ref | 0.00 | 821 शर्माप्र | B-158028 | 12/09/2015 | 1 | 0.00 | 12/09/2015 | Hindi Books |
